| 000 | | | 03918nmc2a22000003x 450 |
| 001 | | | 22d4f54d-d1f4-46dd-b1ef-5298f08846de |
| 005 | | | 20180703054746.0 |
| 100 | ## | $a | 20160408l18631864k l0rusy0189 ca |
| 101 | 0# | $a | rus |
| 102 | ## | $a | RU |
| 200 | 1# | $a | Дело по поводу лишения Университета Святого Владимира права получать из заграницы иностранной газеты: "La presse" и "Le Temps" и "Opinion nationale". Тут же о высочайшем утверждении Комитета министров о не допуске в университеты политических газет без почтовой цензуры |
| | $j | 21 октября 1863 г. - 1 июля 1864 г. |
| 251 | ## | $c | Дело |
| 300 | ## | $a | Дело |
| 801 | #0 | $a | RU |
| | $b | РГИА |
| | $c | 20160408 |
| | $g | RCR |
| 801 | #1 | $a | RU |
| | $b | ГлавНИВЦ |
| | $c | 20160408 |
| | $2 | rusmarc |
| 801 | #2 | $a | RU |
| | $b | ПБ им. Б.Н. Ельцина |
| | $c | 20180703 |
| | $g | RCR |
| | $2 | rusmarc |
| 850 | ## | $a | РГИА |
| 852 | ## | $a | РГИА |
| | $e | Федеральное казенное учреждение "Российский государственный исторический архив" (РГИА) |
| | $j | 199 |
| 937 | ## | $h | РГИА |
| | $d | 12194092 |
| | $a | ASBIBLIO_SCAN |
| 462 | #0 | $1 | 00175ee99a9-5750-4f16-9283-bc673fb37de8 |
| | $1 | 2001 |
| | $a | Дела разряда высших учебных заведений Департамента народного просвещения за 1838-1872 гг. |
| | $1 | 251 |
| | $c | Опись |
| | $1 | 852 |
| | $j | 147 |
| 461 | #0 | $1 | 001a74412a3-3cc5-4d21-8f0a-dfe2fbd9e72d |
| | $1 | 2001 |
| | $a | Департамент народного просвещения Министерства народного просвещения (1803-1917) |
| | $1 | 251 |
| | $c | Фонд |
| | $1 | 852 |
| | $j | 733 |
| 215 | ## | $a | 46 л. |
| | $d | 36,5х26 см |
| 371 | ## | $a | Документ не является опубликованным и широко распространяемым |
| 105 | ## | $a | y### |
| 122 | 2# | $a | d |
| 035 | ## | $a | 22d4f54d-d1f4-46dd-b1ef-5298f08846de |
| 856 | ## | $u | http://readingroom.main.prlib.ru/item.aspx?id_node=n116628148&mode=full |